[Event "ROM-ch U08"]
[Site "Calimanesti"]
[Date "2018.03.30"]
[Round "5"]
[White "Ianchis, David Cristian"]
[Black "Badea, Andrei Mihai"]
[Result "1-0"]
[WhiteElo "1055"]
[BlackElo "1001"]
[PlyCount "29"]
[EventDate "2018.03.27"]
[EventType "swiss"]
[EventRounds "9"]
[EventCountry "ROU"]
[SourceTitle "CBM 183 Extra"]
[Source "ChessBase"]
[SourceDate "2018.04.19"]
[SourceVersion "1"]
[SourceVersionDate "2018.04.19"]
[SourceQuality "1"]

1. e4 c5 2. c3 Nc6 3. d4 d5 4. e5 cxd4 5. cxd4 Qa5+ 6. Bd2 Qb6 7. Nc3 e6 8. Bb5 Qxd4 9. Nf3 Qg4 10. 0-0 Nh6 11. Bg5 g6 12. h3 Qb4 13. Qc2 d4 14. Rad1 dxc3 15. Rd8# 1-0